000 00840nam a22002537a 4500
999 _c3156
_d3156
003 AR-CdUCM
008 190306b ||||| |||| 00| 0 spa d
020 _a978-612-46548-2-4
040 _aMUNICIPALIDAD PROVINCIAL DEL CUSCO
_cBIBLIOTECA MUNICIPAL DEL CUSCO
082 _a869.56 /
_bG22
100 _aGarcía Campana, Alberto
_910637
245 _aAntes que caiga la noche /
260 _aCusco :
_bFondo Editorial DDC-C ;
_c2013.
300 _a133 páginas ;
_c22cm
505 _aLiteratura cusqueña
650 _aCrónicas literarias peruanas
_910638
650 _aLiteratura siglo XX
_946918
650 _aLiteratura cusqueña
_944229
650 _aDaniel Estrada Pérez
_96667
710 _aMinisterio de Cultura
_96146
710 _aDirección Desconcentrada de Cultura Cusco
_910927
942 _2ddc
_cLIBROS
945 _anom